山貓
| 資料類型: | 圖書 | 書目號: | 42228 |
Leader xxxxxxxxxx 001 __ PCLIS00042228 005 __ 20211126084701.0 010 0_ |a978-986-6815-56-0|b平裝|dNT$220 100 __ |a20100419d2008 m y0chiy09 e 101 0_ |achi 102 __ |atw 105 __ |aa z 000ay 200 1_ |a山貓|f護玄著 205 __ |a初版 210 __ |a臺北市|c蓋亞文化出版|a臺北縣新店市|c聯合發行總經銷|d2008[民97] 215 0_ |a247面|c圖|d20公分 225 2_ |a因與聿案簿錄|v1 225 2_ |a悅讀館|vRE121 306 __ |a2009年2刷 410 _0 |12001 |a因與聿案簿錄|v1 410 _0 |12001 |a悅讀館|vRE121 681 __ |a857.83|b862 700 _0 |a護玄|4著 801 _0 |atw|b內湖高中|c20100419|gCCR |